000 00309nam a22001337a 4500
008 210322b ||||| |||| 00| 0 eng d
041 _aeng
080 _a338
082 _a338
100 _a53
101 _aMEN
245 _aManagerial Process and Organizational Behavior
_c Filley, A. C
942 _2udc
_cBK
999 _c56669
_d56669